| 000 | 01128nam a2200229Ia 4500 | ||
|---|---|---|---|
| 001 | L261-18407 | ||
| 003 | IT-CnALBA | ||
| 008 | 170116s9999||||xx |||||||||||||| ||und|| | ||
| 040 |
_aIT-CnALBA _cIT-CnALBA |
||
| 041 | _aITALIANO | ||
| 100 | _aTETTAMANZI DIONIGI, MONS. | ||
| 245 | 0 | _aCONSULTORI E PROBLEMI MORALI. I DIRITTI DELLA LEGGE E LA RESPONSABILITÀ DELLA COSCIENZA. | |
| 250 | _a1a ed. | ||
| 260 |
_aMILANO _bLIBRERIA DELLA FAMIGLIA _c1978 [1° Ed.:1978 - Ed.Ling.Originale: 1978] |
||
| 300 | _a174 p. | ||
| 500 | _aPRESENTAZIONE DI VELLA C. CONSULTORI FAMILIARI SOCIETÀ CIVILE E CRISTIANI. CONSULTORIO D'ISPIRAZIONE CRISTIANA. LEGITTIMITA' E CONTENUTO. E CONSULENZA MORALE. PROBLEMI DI CONSULENZA MORALE. | ||
| 501 | _aSocietà San Paolo EM - Piazza San Paolo, 14 - 12051 ALBA (CN) (non commercial uses only) ® Copyright 2017 | ||
| 520 | _aPRESENTAZIONE DI VELLA C. CONSULTORI FAMILIARI SOCIETÀ CIVILE E CRISTIANI. CONSULTORIO D'ISPIRAZIONE CRISTIANA. LEGITTIMITA' E CONTENUTO. E CONSULENZA MORALE. PROBLEMI DI CONSULENZA MORALE. | ||
| 650 | _aTEOLOGIA SOCIALE | ||
| 942 | _cBK | ||
| 957 | _71 | ||
| 999 |
_a23153 _bNO _g Copie: 1 _c277538 _d277538 |
||